Hermitcraft Season 9 members - Statistics

General Stats
  • This quiz has been taken 840 times
  • The average score is 21 of 26
Answer Stats
Answer % Correct
Grian
100%
Mumbo Jumbo
99%
GoodTimesWithScar
97%
PearlecentMoon
95%
GeminiTay
93%
ImpulseSV
91%
Bdoubleo100
89%
TangoTek
87%
ZombieCleo
87%
FalseSymmetry
86%
Iskall85
84%
Xisumavoid
84%
Docm77
83%
EthosLab
82%
Rendog
82%
StressMonster101
79%
Keralis
74%
Cubfan135
73%
JoeHills
72%
VintageBeef
72%
ZedaphPlays
71%
iJevin
66%
xBCrafted
65%
TinFoilChef
60%
Welsknight
60%
Hypnotizd
56%
No matching quizzes found
Score Distribution
Percent of People with Each Score
Percentile by Number Answered
Your Score History
You have not taken this quiz